Administratívna budova v Banskej Bystrici - monolitická železobetónová konštrukcia

Uložené v:
Podrobná bibliografia
Hlavný autor: Matovčík, Štefan, 1987- (Autor)
Ďalší autori: Borzovič, Viktor, 1978- (Vedúci práce)
Médium: Rukopis Kniha
Jazyk:Slovak
Vydavateľské údaje: Bratislava : STU v Bratislave SvF, 2012
On-line prístup:VAIS
Tagy: Pridať tag
Žiadne tagy, Buďte prvý, kto otaguje tento záznam!

MARC

LEADER 00000ntm a22000003a 4500
001 stu250909
005 20150617230224.7
008 120719s2012----xo------------------slo-d
040 |a STU  |b slo 
041 0 |a slo 
044 |a xo 
100 1 |a Matovčík, Štefan,  |d 1987-  |4 aut  |u V180  |U SvF Stavebná fakulta  |T SvF Katedra konštrukcií pozemných stavieb  |X 39388  |U V180  |Y 18  |7 A000039388 
242 0 0 |a Office building in Banska Bystrica - monolithic concrete construction  |y eng 
245 1 |a Administratívna budova v Banskej Bystrici - monolitická železobetónová konštrukcia 
260 |a Bratislava :  |b STU v Bratislave SvF,  |c 2012 
700 1 |a Borzovič, Viktor,  |d 1978-  |4 ths  |u V110  |U SvF Stavebná fakulta  |T SvF Katedra betónových konštrukcií a mostov  |X 3688  |U V110  |Y 11  |7 A000003688 
856 4 |a info a plný text  |u http://is.stuba.sk/zp/portal_zp.pl?podrobnosti=93957  |3 VAIS